00698pam a2200229 a 4500001000800000005001700008008004100025010001700066020003200083040001800115041000800133080001400141082002200155100000700177101000800184245005500192504003000247906004500277942001200322999001700334952011700351380536820180215032929.0850711s1985 nyua b 001 0 eng  a 85016430  a0387961550 :c$42.00 (est.) aDLCcDLCdDLC aeng a304.6015100a304.60151 KEY2191 a36 aMAT10aApplied mathematical demography /cNathan Keyfitz. aBibliography: p. 419-434. a7bcbccorignewd1eocipf19gy-gencatlg 2ddccBK c42565d42565 00102udc40708PËKGa002b002cPËKGd2018-02-15l0o304.60151 KEYp002-2997339r2018-02-15w2018-02-15yBK